উচ্চ মাধ্যমিক জীববিজ্ঞান প্রথম পত্র উদ্ভিদবিজ্ঞান / (Record no. 5611)
[ view plain ]
| 000 -LEADER | |
|---|---|
| fixed length control field | 00733nam a22002177a 4500 |
| 001 - CONTROL NUMBER | |
| JCCL Control Number | 5611 |
| 003 - CONTROL NUMBER IDENTIFIER | |
| JCCL marc code | BD-JhCC |
| 005 - DATE AND TIME OF LATEST TRANSACTION | |
| control field | 20180127175420.0 |
| 008 - FIXED-LENGTH DATA ELEMENTS--GENERAL INFORMATION | |
| fixed length control field | 171018s19982000bg a|||| ||a| 001 0 ben d |
| 035 ## - SYSTEM CONTROL NUMBER | |
| system control number | (BD-JhCC)5611 |
| 040 ## - CATALOGING SOURCE | |
| Original cataloging agency | BD-JhCC |
| Modifying agency | BD-JhCC |
| 041 ## - LANGUAGE CODE | |
| Language code of Book | ben |
| 082 ## - DEWEY DECIMAL CLASSIFICATION NUMBER | |
| Classification number | 581 |
| Author mark and Year | UCC 1998 |
| 245 ## - TITLE STATEMENT | |
| Title | উচ্চ মাধ্যমিক জীববিজ্ঞান প্রথম পত্র উদ্ভিদবিজ্ঞান / |
| Statement of responsibility, etc | এনায়েত হোসেন...[et. all]. |
| 260 ## - PUBLICATION, DISTRIBUTION, ETC. (IMPRINT) | |
| Place of publication, distribution, etc | ঢাকা |
| Date of publication, distribution, etc | 1998. |
| Name of publisher, distributor, etc | গাজী পাবলিশার্স, |
| 300 ## - PHYSICAL DESCRIPTION | |
| Pagination | 464 p. : |
| Dimensions | 24 cm. |
| 650 ## - SUBJECT ADDED ENTRY--TOPICAL TERM | |
| Topical term or geographic name as entry element | Botany |
| 700 ## - ADDED ENTRY--PERSONAL NAME | |
| Personal name | হোসেন, এনায়েত |
| 942 ## - ADDED ENTRY ELEMENTS (KOHA) | |
| Source of classification or shelving scheme | Dewey Decimal Classification |
| Koha item type | Books |
| Source of classification or shelving scheme | Damaged status | Not for loan | Home library | Current library | Shelving location | Date of accession | Cost, normal purchase price | Total Checkouts | Full call number | Barcode | Date last seen | Copy number | Koha item type |
|---|---|---|---|---|---|---|---|---|---|---|---|---|---|
| Dewey Decimal Classification | JCC Rouf Library | JCC Rouf Library | General Stacks | 12/18/2017 | 128.00 | 581 UCC 1998 | 7730 | 12/18/2017 | C-1 | Books | |||
| Dewey Decimal Classification | JCC Rouf Library | JCC Rouf Library | General Stacks | 01/27/2018 | 128.00 | 581 UCC 1998 | 9170 | 01/27/2018 | C-2 | Books | |||
| Dewey Decimal Classification | JCC Rouf Library | JCC Rouf Library | General Stacks | 01/27/2018 | 128.00 | 581 UCC 1998 | 9169 | 01/27/2018 | C-3 | Books | |||
| Dewey Decimal Classification | JCC Rouf Library | JCC Rouf Library | General Stacks | 01/27/2018 | 128.00 | 581 UCC 1998 | 9179 | 01/27/2018 | C-4 | Books |